000
00311nam a2200133Ia 4500
008
231017s9999 xx 000 0 und d
082
_a
388.10994NTC
082
_b
NTC
245
0
_a
Strategic plant 2006-07 to 2008-09
245
0
_c
NTC Australia
260
_b
NTC Australia
300
_c
30cm
942
_c
REP
999
_c
605210
_d
605210